000 004420000a22001570004500
003 MACL
005 20170803122547.0
008 170803b xxu||||| |||| 00| 0 eng d
040 _cmacl
100 _aदुबे ,श्‍यामसुंदर
_968500
245 _aभारत की नदियॉ
260 _bग्रथलोक
_c2010
350 _a200
650 _aयात्रा
_968501
942 _cHIN
_k910/DUB
_2ddc
999 _c45475
_d45475